Pricing (Record no. 77056)

MARC details
000 -LEADER
fixed length control field 00643nam a2200157 a 4500
008 - FIXED-LENGTH DATA ELEMENTS--GENERAL INFORMATION
fixed length control field 120416s1977 ||||||||||||||||| || u
050 ## - LIBRARY OF CONGRESS CALL NUMBER
Classification number HF 5417 Gab
100 ## - MAIN ENTRY--PERSONAL NAME
Personal name Gabor, Andre
245 10 - TITLE STATEMENT
Title Pricing
246 ## -
-- principles and practice
260 ## - PUBLICATION, DISTRIBUTION, ETC.
Place of publication, distribution, etc. London
Name of publisher, distributor, etc. Heinemann
Date of publication, distribution, etc. (1977)
300 ## - PHYSICAL DESCRIPTION
Extent xii, 276p. : ill
350 ## -
-- 0.00
995 ## -
-- MAIN LIBRARY OPEN ACCESS
-- 0.00
-- 004561
-- CBU-MAIN LIBRARY (Kitwe)
-- 1
-- 0.00
-- HF 5417 Gab
-- AVAILABLE
-- 004561
-- Main Library Open Access Collection
995 ## -
-- MAIN LIBRARY OPEN ACCESS
-- 0.00
-- 004560
-- CBU-MAIN LIBRARY (Kitwe)
-- 2
-- 0.00
-- HF 5417 Gab
-- AVAILABLE
-- 004560
-- Main Library Open Access Collection
999 ## -
-- 77056
-- 77056
Holdings
Withdrawn status Lost status Source of classification or shelving scheme Damaged status Not for loan Permanent Location Current Location Shelving location Date acquired Total Checkouts Full call number Barcode Date last seen Copy number Price effective from Koha item type
          CBU-MAIN LIBRARY, KITWE. CBU-MAIN LIBRARY, KITWE.   04/25/2023   HF 5417 Gab 004561 04/25/2023 1 04/25/2023 MONOGRAPH
          CBU-MAIN LIBRARY, KITWE. CBU-MAIN LIBRARY, KITWE.   04/25/2023   HF 5417 Gab 004560 04/25/2023 2 04/25/2023 MONOGRAPH